Reconnaissance of the borax deposits of Death valley and Mohave desert, / (Record no. 24274)

MARC details
000 -LEADER
fixed length control field 00916cam a22002651i 4500
001 - CONTROL NUMBER
control field gs 05000742
003 - CONTROL NUMBER IDENTIFIER
control field DLC
005 - DATE AND TIME OF LATEST TRANSACTION
control field 20260227111301.0
008 - FIXED-LENGTH DATA ELEMENTS--GENERAL INFORMATION
fixed length control field 781108s1902 dcub 001 0 eng
010 ## - LIBRARY OF CONGRESS CONTROL NUMBER
LC control number gs 05000742
035 ## - SYSTEM CONTROL NUMBER
System control number (OCoLC)4355911
040 ## - CATALOGING SOURCE
Original cataloging agency DLC
Transcribing agency ICharE
Modifying agency DLC
042 ## - AUTHENTICATION CODE
Authentication code premarc
050 00 - LIBRARY OF CONGRESS CALL NUMBER
Classification number QE75
Item number .B9 no. 200
100 1# - MAIN ENTRY--PERSONAL NAME
Personal name Campbell, Marius R.
Fuller form of name (Marius Robinson),
Dates associated with a name 1858-1940.
245 10 - TITLE STATEMENT
Title Reconnaissance of the borax deposits of Death valley and Mohave desert, /
Statement of responsibility, etc. by Marius R. Campbell.
260 ## - PUBLICATION, DISTRIBUTION, ETC.
Place of publication, distribution, etc. Washington,
Name of publisher, distributor, etc. Govt. Print. Off.,
Date of publication, distribution, etc. 1902.
300 ## - PHYSICAL DESCRIPTION
Extent 23 p. :
Other physical details col. map ;
Dimensions 24 cm.
490 1# - SERIES STATEMENT
Series statement U.S. Geological survey. Bulletin
Volume/sequential designation no. 200
500 ## - GENERAL NOTE
General note Subject series: A, Economic geology, 17.
500 ## - GENERAL NOTE
General note Issued also as House doc. 698, 57th Cong., 1st sess.
504 ## - BIBLIOGRAPHY, ETC. NOTE
Bibliography, etc. note Includes index.
650 #0 - SUBJECT ADDED ENTRY--TOPICAL TERM
Topical term or geographic name entry element Borax.
810 2# - SERIES ADDED ENTRY--CORPORATE NAME
Corporate name or jurisdiction name as entry element Geological Survey (U.S.).
Title of a work Bulletin ;
Volume/sequential designation no. 200.

No items available.

Powered by Koha